000 00846nam a2200253Ia 4500
003 OSt
005 20220923213139.0
006 a|||||r|||| 00| 0
007 ta
008 220922b |||||||| |||| 00| 0 hin d
024 _a159,234
037 _cTextual
040 _aARTS
_cARTS
_bhin
041 _2hin
_ahin
082 _aO152,1(Delta25):g, K2
100 _aदीक्षित, त्रिलोकीनारायण
_9162582
245 0 _aहिन्दी संत साहित्य
246 _aHindī santa sāhitya
260 _c1962
650 _a हिन्दी साहित्य
_9156264
650 _aहिन्दी कविता
942 _hO152,1(Delta25):g, K2
_cTEXL
_2CC
999 _c313981
_d313981